000 00441nam a22001337a 4500
999 _c517712
_d517712
020 _a9789389143515
082 _aK9 G715
100 _aGottlieb, Lori
_925696
245 _aMaybe you should talk to someone: a therapist, her therapist, and our lives revealed
_cby Lori Gottlieb
260 _aNew Delhi
_bAmaryllis
_c2019
300 _a415p.
650 _aPsychotherapist - Biography
_925801
650 _aTherapist and patient - Biography
_925802